000 00870nam a2200253Ia 4500
003 OSt
005 20220927110434.0
006 a|||||r|||| 00| 0
007 ta
008 220926b |||||||| |||| 00| 0 eng d
024 _a100125
037 _cReports
040 _aRTL
_cRTL
_beng
041 _2eng
_aeng
082 _a"X9(J58).2.N50s, J0/GD"
110 _a"India, Government of-. Agriculture (Ministry of-). Economics and Statistics (Department of-)"
_9378237
245 0 _aIndian oil seeds statistics
260 _aNew
_bDelhi Manager of Publications India
_c1950
300 _a247p.
_ccm.
650 _aSeed Industry
_9360386
700 _a"India, Government of-. Agriculture (Ministry of-). Economics and Statistics (Department of-)"
_9378238
942 _h"X9(J58).2.N50s, J0/GD"
_cCC
999 _c696693
_d696693